• 首页
  • 本馆介绍
  • 公告通知
  • 最新文献
  • 馆藏检索
  • 电子资源
  • 读者导购
  • 参考咨询
  • 我的图书馆
  • 登录
  • 详细信息显示
  • 放入我的书架
  • 预约/预借图书
  • 作者相关作品
  • 分类相关作品
  • 丛书相关作品
  • 出版社相关作品

书目信息

  • 表格格式
  • 工作单格式
  • 卡片格式
题名:
黄花岗
    
 
作者: 张以沣 著
分册:  
出版信息: 北京   文物出版社  1983
页数: 30页
开本: 19cm
丛书名:
单 册:
中图分类: G262.39 , K878.22
科图分类:
主题词: 纪念地-黄花冈起义--中国 , 博物馆学 , 黄花冈起义-纪念地--中国 , 博物馆事业
电子资源:
ISBN:
000 00717nam0 2200277 45
001 0183011844
005 20060810111250.04
010    @dCNY0.32
091    @a7068.1127
100    @a19950605d1983 emky0chiy0121 ea
101 0  @achi
102    @aCN@b110000
105    @af z 000yy
200 10 @a黄花岗@Ahuang hua gang@f张以沣著
210    @a北京@c文物出版社@d1983
215    @a30页@c照片@d19cm
606    @a纪念地-黄花冈起义@y中国
606 0  @a博物馆学
606    @a黄花冈起义-纪念地@y中国
606 0  @a博物馆事业
690    @aG262.39
690    @aK878.22@v3
701  0 @a张以沣@Azhang yi feng@4著
801  2 @aCN@bNLC@c20060810
801  0 @aCN@b上海图书馆@c20040506
905    @f1@b88873@dG262.39@e3
    
    黄花岗/张以沣著.-北京:文物出版社,1983
    30页:照片;19cm
    
    
    ISBN :CNY0.32
    
●
相关链接 在E读中查询图书 在五车中查询图书 在当当中查询图书 在豆瓣中查询图书


正题名:黄花岗     索取号:G262.39/3         预约/预借

序号 登录号 条形码 馆藏地/架位号 状态 备注
1 0088873   000989915   第四借阅区/ [索取号:G262.39/3] 在馆    
2 0088874   000989906   第四借阅区/ [索取号:G262.39/3] 在馆    
3 0448413   204484138   密集书库/ [索取号:G262.39/3] 在馆    
唐山师范学院图书馆 欢迎您!
大连网信软件有限公司© 版权所有